Guess The Horror Game From The Main Antagonist #6 - Statistics

General Stats
  • This quiz has been taken 26 times
  • The average score is 6 of 30
Answer Stats
Main Antagonist Horror Game % Correct
Eveline Resident Evil 7: Biohazard
65%
Slenderina Slenderina: The Cellar
65%
Sofia Lamb M.D BioShock 2
29%
Borkis Boris and the Dark Survival
29%
SCP-087-1 SCP-087
29%
The Khan Maykr Doom: Eternal
24%
Reincarnated Opila Bird Garten of Banban: Reincarnated
24%
Legs It Steals
24%
Dr. Glenn Pierce Superliminal
24%
Empress Tihana Amnesia: Rebirth
18%
The Cult Leader Dead Space 3: Awakened
18%
The Dead Body Dia
18%
The Lurkers Don’t Run
18%
The Strange Man Fears to Fathom: Norwood Hitchhike
18%
The Gas Station Ghost Haunted Gas Station
18%
The Killer Robots Keep Out
18%
Emilia Pacify
18%
The Sinister Sedan Rustbucket Revenge
18%
The Deep Sea Monster Sinking Iron
18%
The Cannibal Tribes Sons of the Forest
18%
The TV Heads TV Night
18%
The Mechanical Monster Within Yourself
18%
The Paper Bride Paper Bride
12%
The Black Eyes of Evil Paranormal HK
12%
The Eldritch Abomination Paratopic
12%
Abby Anderson The Last of Us: Part II
12%
Kasier Fear and Hunger 2: Terminia
6%
The Rake In Silence
6%
Tyler Anton The Chant
6%
Anton Verloc We Happy Few
6%
No matching quizzes found
Score Distribution
Percent of People with Each Score
Percentile by Number Answered
Your Score History
You have not taken this quiz